| 000 | 00585nam a2200217Ia 4500 | ||
|---|---|---|---|
| 001 | 1753 | ||
| 008 | 080101n ii |||gr||||Z||||||465 | ||
| 020 | _a9780099731016 | ||
| 082 | _a820.08 | ||
| 100 |
_aRushdie, Salman ., _eAuthor. |
||
| 245 | 0 |
_aThe Vintage Book of Indian Writing 1947-1997 / _cSalman Rushdie. _hTextual Documents |
|
| 250 | _a1st ed. | ||
| 260 |
_aGreat Britain : _bVintage , _c1997. |
||
| 300 |
_a579p. : _bill ; _c21cm . |
||
| 500 | _a603/Ref | ||
| 653 | _aEnglish | ||
| 653 | _aRef-English | ||
| 653 | _aG-English | ||
| 653 | _aDept-English | ||
| 942 |
_2ddc _cBK |
||
| 999 |
_c1748 _d1748 |
||